Normal view MARC view
  • FLORENCE, ALEXENDER T. AND SIEPMANN, JUERGEN

Entry Personal Name

Number of records used in: 2

001 - CONTROL NUMBER

  • control field: 8479

003 - CONTROL NUMBER IDENTIFIER

  • control field: JRU

005 - DATE AND TIME OF LATEST TRANSACTION

  • control field: 20240831131802.0

008 - FIXED-LENGTH DATA ELEMENTS

  • fixed length control field: 240831|| aca||aabn | a|a d

040 ## - CATALOGING SOURCE

  • Original cataloging agency: JRU
  • Transcribing agency: JRU

100 ## - HEADING--PERSONAL NAME

  • Personal name: FLORENCE, ALEXENDER T. AND SIEPMANN, JUERGEN

670 ## - SOURCE DATA FOUND

  • Source citation: Work cat.: (JRU)8606: FLORENCE, ALEXENDER T. AND SIEPMANN, JUERGEN , MODERN PHARMACEUTICS:BASIC PRINCIPLES AND SYSTEM [VOL-1]